| 000 | 01159nam a2200241 a 4500 | ||
|---|---|---|---|
| 001 | 000362029 | ||
| 003 | AM-YeHGA | ||
| 005 | 20250617161233.0 | ||
| 008 | 040917s1968 ||| r 000 0 rus d | ||
| 040 | _aAM-YeHGA | ||
| 041 | 0 | _arus | |
| 100 | 1 | _aГорчаков, Г.И. | |
| 245 | 1 | 0 |
_aКоэффициенты температурного расширения и температурные деформации строительных материалов / _cГ.И. Горчаков, И.И. Лифанов, Л.Н. Терехин; Ком. стандартов, мер и измерительных приборов при совете Мин-ов СССР. |
| 260 |
_aМосква : _bИзд-во стандартов, _c1968. |
||
| 300 |
_a168 с. _bтабл. |
||
| 440 | 0 | _aМонографии, № 2 | |
| 504 | _bБиблиогр.: 184 назв. | ||
| 650 | 1 | 4 | _aСтроительные материалы |
| 700 | 1 | _aЛифанов, И.И. | |
| 700 | 1 | _aТерехин, Л.Н. | |
| 710 | 2 | _aКом. стандартов, мер и измерительных приборов при совете Мин-ов СССР | |
| 090 | _c471096 | ||
| 999 |
_c467865 _d467865 |
||